000 00841cab a2200301 4500
001 WB3314-24
008 090401t1997 xxu||||| |||| 00| 0 eng d
035 _a(Sirsi) u77607
041 _aeng
245 _aRecycling is the best
260 _c1997
350 _a0
490 _aDaily Telegraph
_v29 March 1997, 11(1)
520 _aAccording to a study by the European Commission, recycling rubbish is far cheaper than either burning or burying it.
650 _aCOSTS
650 _aENVIRONMENTAL POLICY
650 _aEUROPEAN COMMISSION
650 _aFIGURES
650 _aFRIENDS OF THE EARTH
650 _aHOUSEHOLD WASTE
650 _aLOCAL COUNCILS
650 _aRECYCLING
650 _aRUBBISH
650 _aWASTE DISPOSAL
690 _aENVIRONMENTAL AND LAND CONSULTANCY
942 _n0
948 _c04/04/1997
999 _c48787
_d48787